| 000 | 01236nam a2200361Ia 4500 | ||
|---|---|---|---|
| 001 | dia_2875 | ||
| 003 | CHAP | ||
| 005 | 20241114182004.0 | ||
| 008 | 220117s1997 xx 000 0 und d | ||
| 010 | _a173373 | ||
| 020 | _a84-200-0831-1 | ||
| 040 | _cCHAP | ||
| 082 | _a664.85 F78 1997 | ||
| 245 |
_aFrutas y hortalizas minimamente procesadas y refrigeradas / _c edición Robert C. Wiley ; traducción José Fernández-Salguero Carretero |
||
| 260 |
_aZaragoza, España : _b Acribia, _c1997 |
||
| 300 | _axi, 362 p. | ||
| 500 | _aTítulo original: Minimally processed refrigerated fruits & vegetables | ||
| 503 | _aI.199786 | ||
| 504 | _aIncluye bibliografías | ||
| 590 | _aTP440 F78 1997 | ||
| 650 |
_aAlmacenamiento de alimentos _9148411 |
||
| 650 |
_aAlmacenamiento en frío _9133569 |
||
| 650 |
_aCold storage _9146929 |
||
| 650 | 0 |
_aFood storage _9148413 |
|
| 650 |
_aLegumbres _xAlmacenamiento _965682 |
||
| 650 |
_aVegetables _xStorage _9153657 |
||
| 700 |
_a Fernández-Salguero Carretero, José _9144883 |
||
| 700 |
_aWiley, Robert C., ed. _9153658 |
||
| 901 | _a664.85 F78 1997 | ||
| 902 | _aM | ||
| 905 | _a5332271997 sp aimn8222223322spa16 | ||
| 942 |
_cLIBRO _2ddc |
||
| 999 |
_c173373 _d173373 |
||